000
00271nam a2200109Ia 4500
008
200302s9999 xx 000 0 und d
100
_a
Olever Heckmann and Others
245
_a
Floor plan manual housing
260
_b
Birkhauser Verlag Gmbh
260
_c
2018
300
_a
368
999
_c
7287
_d
7287